| 000 | 00931nam a2200241 a 4500 | ||
|---|---|---|---|
| 001 | 44073 | ||
| 003 | BD-RjUL | ||
| 005 | 20211209053809.0 | ||
| 008 | 160713s1969 bg ||||| |||| 00| 0 ben d | ||
| 020 | _c: Tk. 12.00 | ||
| 035 | _a(BD-RjUL)44191 | ||
| 040 |
_aBD-RjUL _bben _cBD-RjUL |
||
| 041 | _aben | ||
| 082 |
_223 _a891.44109 _bKHS 1969 |
||
| 100 |
_aখাতুন, সনজীদা _9120836 |
||
| 245 | 1 | 0 |
_aসত্যেন্দ্র-কাব্য পরিচয় / _cসনজীদা খাতুন |
| 250 | _a১ম পাকিস্তানি সং. | ||
| 260 |
_aঢাকা : _bমোহাম্মদ মাহবুব আলী, _c১৯৬৯ |
||
| 300 |
_a[৬], ৪৮৪ পৃ. ; _c২২ সেমি. |
||
| 650 |
_aবাংলা কবিতা _xইতিহাস ও সমালোচনা _9135349 |
||
| 650 |
_aBengali Poetry _xHistory and Criticism _9135350 |
||
| 942 |
_2ddc _cBK |
||
| 999 |
_c44073 _d44073 |
||